That's So True - Gracie Abrams Lyrics - Statistics

General Stats
  • This quiz has been taken 3,154 times
    801 since last reset
  • The average score is 255 of 324
Answer Stats
<3 % Correct
I
98%
you
97%
You
97%
a
96%
that
96%
Think
95%
think
95%
so
94%
the
92%
your
92%
my
91%
that's
91%
That's
91%
it
90%
go
88%
she
87%
to
87%
life
86%
"oh
86%
out
86%
an
85%
But
85%
but
85%
cool
85%
on
85%
do
84%
her
84%
I'm
84%
No
84%
true
84%
and
83%
she's
83%
You're
83%
you're
83%
Did
82%
did
82%
from
82%
in
82%
me
81%
all
80%
know
80%
fine
79%
Taking
79%
taking
79%
lost
78%
off?
78%
off
78%
Said
78%
said
78%
thinking
78%
warn
78%
when
78%
should
77%
time
77%
was
77%
what
77%
coffin
76%
eyes
76%
just
76%
like
76%
now
76%
Now
76%
about
75%
mind
75%
Or
75%
too
75%
Bet
74%
died
74%
face
74%
once
74%
read
74%
twice
74%
alive
73%
been
73%
how
73%
I've
73%
Made
73%
Remember
73%
room
73%
shirt
73%
there
73%
dumb
72%
god!"
72%
not
72%
Not
72%
across
71%
idiot
71%
sure
71%
Wait
71%
yeah
71%
could
70%
Don't
70%
make
70%
positive
70%
started
70%
walking?
70%
cry
69%
get
69%
back
68%
couch
68%
feeling?
68%
hair
68%
hate
68%
blue
67%
earrings
67%
making
67%
ooh
67%
down
66%
glass
66%
house
66%
hurt
66%
outside
66%
big
65%
boy
65%
fun
65%
Looking
65%
up
64%
fight
63%
Kicking
63%
Living
63%
sad
63%
vibe?
63%
catch
62%
fuck
62%
business
61%
had
61%
missing
61%
put
61%
sorry
61%
got
60%
night
60%
Uh
60%
uh
60%
ceiling
59%
I'll
59%
through
59%
dude
57%
ya
57%
spend
56%
another
55%
prize
54%
Smiling
54%
evolved
52%
What'd
51%
into
49%
Well
45%
You've
45%
No matching quizzes found
Score Distribution
Percent of People with Each Score
Percentile by Number Answered
Your Score History
You have not taken this quiz since the last reset